BIBLIOTECA

SENCICO

Dibujo e interpretación de planos (Registro nro. 2468)

Detalles MARC
000 -LEADER
fixed length control field 00491nam a2200217Ia 4500
005 - DATE AND TIME OF LATEST TRANSACTION
control field 20251020182543.0
008 - FIXED-LENGTH DATA ELEMENTS--GENERAL INFORMATION
fixed length control field 200515s9999 xx 000 0 und d
082 ## - DEWEY DECIMAL CLASSIFICATION NUMBER
Classification number 744+72.011/G85
110 ## - MAIN ENTRY--CORPORATE NAME
Corporate name or jurisdiction name as entry element Intecap
245 #0 - TITLE STATEMENT
Title Dibujo e interpretación de planos
260 ## - PUBLICATION, DISTRIBUTION, ETC.
Place of publication, distribution, etc. Guatemala
260 ## - PUBLICATION, DISTRIBUTION, ETC.
Date of publication, distribution, etc. 1978
300 ## - PHYSICAL DESCRIPTION
Extent s.n.
500 ## - GENERAL NOTE
General note 1 ejemplar
650 ## - SUBJECT ADDED ENTRY--TOPICAL TERM
Topical term or geographic name entry element DIBUJO
650 ## - SUBJECT ADDED ENTRY--TOPICAL TERM
Topical term or geographic name entry element INTERPRETACION DE PLANOS
650 ## - SUBJECT ADDED ENTRY--TOPICAL TERM
Topical term or geographic name entry element LIB
650 ## - SUBJECT ADDED ENTRY--TOPICAL TERM
Topical term or geographic name entry element PLANOS
650 ## - SUBJECT ADDED ENTRY--TOPICAL TERM
Topical term or geographic name entry element PUB INTECAP
942 ## - ADDED ENTRY ELEMENTS (KOHA)
Koha item type Libros
Existencias
Fecha de la última vez que lo usaron Pago total Signatura topográfica completa Código de barras Precio efectivo desde Tipo de documento Estado perdido Estado dañado No es para préstamo Retirado Ubicación permanente Ubicación actual Fecha de adquisición
15/05/2020   744+72.011/G85 Bib-Lima15052468 15/05/2020 Libros         Biblioteca Central Lima Biblioteca Central Lima 15/05/2020